Library Banner

Dacca's Debacle (Record no. 69763)

MARC details
000 -LEADER
fixed length control field 00359nam a22001457a 4500
005 - DATE AND TIME OF LATEST TRANSACTION
control field 20150408144543.0
008 - FIXED-LENGTH DATA ELEMENTS--GENERAL INFORMATION
fixed length control field 150408b xxu||||| |||| 00| 0 eng d
040 ## - CATALOGING SOURCE
Transcribing agency PK-LaUMT
082 ## - DEWEY DECIMAL CLASSIFICATION NUMBER
Classification number KHC 954.92
Item number ALA-D
100 ## - MAIN ENTRY--PERSONAL NAME
Personal name Alamdar Raza
245 ## - TITLE STATEMENT
Title Dacca's Debacle
Statement of responsibility, etc Alamdar Raza
260 ## - PUBLICATION, DISTRIBUTION, ETC. (IMPRINT)
Place of publication, distribution, etc Lahore
Name of publisher, distributor, etc Jang Publishers
Date of publication, distribution, etc 1993
300 ## - PHYSICAL DESCRIPTION
Extent 150 p.
942 ## - ADDED ENTRY ELEMENTS (KOHA)
Koha item type Books
Holdings
Withdrawn status Lost status Damaged status Home library Current library Date acquired Full call number Barcode Date last seen Price effective from Koha item type
      UMT Main Campus UMT Main Campus 2015-04-08 KHC 954.92 ALA-D 69190 2018-11-27 2015-04-08 Books